000 00652nam a2200205 i 4500
001 40985
003 ES-MaACL
005 20251013213648.0
007 t|
008 030307q1874 xxk ||||1| eng d
100 1 _aMusäus, Johann Karl August.
_9158448
245 1 0 _aTales /
_cby Musaeus, Tieck, Richter ; translated from the german by Thomas Carlyle.
260 _aLondon :
_bChapman and Hall,
_c1874?]
300 _a2 v. ;
_c18 cm.
700 1 _aTieck, Ludwig.
_9110224
700 1 _aPaul, Jean,
_d1763-1825
_9149234
700 0 _aCarlyle, Thomas,
_d1795-1881
_935316
852 _aES-MaACL
_jG-10559-60
999 _c40985
_d40985